Famous U.S. Streets - Statistics

General Stats
  • This quiz has been taken 2,100 times
    1,170 since last reset
  • The average score is 11 of 17
Answer Stats
Street City % Correct
Fifth Avenue, Wall Street, Broadway New York
99%
Sunset Boulevard, Hollywood Boulevard Los Angeles
98%
The Strip, Las Vegas Boulevard Las Vegas
93%
Pennsylvania Avenue Washington D.C.
87%
Bourbon Street New Orleans
86%
Michigan Avenue Chicago
80%
Lombard Street San Francisco
77%
Calle Ocho, Ocean Drive, Biscayne Boulevard Miami
75%
Beacon Street, Newbury Street Boston
72%
Peachtree Street Atlanta
70%
South Street Philadelphia
55%
The Boardwalk Atlantic City
53%
Beale Street Memphis
47%
Rodeo Drive Beverly Hills
44%
Duvall Street Key West
13%
Canyon Road Santa Fe
13%
Worth Avenue Palm Beach
12%
No matching quizzes found
Score Distribution
Percent of People with Each Score
Percentile by Number Answered
Your Score History
You have not taken this quiz since the last reset